• 首页
  • 本馆介绍
  • 公告通知
  • 最新文献
  • 馆藏检索
  • 电子资源
  • 读者导购
  • 参考咨询
  • 我的图书馆
  • 登录
  • 详细信息显示
  • 放入我的书架
  • 预约/预借图书
  • 作者相关作品
  • 分类相关作品
  • 丛书相关作品
  • 出版社相关作品

书目信息

  • 表格格式
  • 工作单格式
  • 卡片格式
题名:
外商直接投资对中国比较优势的影响
    
 
作者: 杨明 著
分册:  
出版信息: 北京   人民出版社  2013
页数: 171页
开本: 23cm
丛书名:
单 册:
中图分类: F832.6
科图分类:
主题词: 外商直接投资--Wai Shang Zhi Jie Tou Zi--研究--中国
电子资源:
ISBN: 978-7-01-012541-1
000 01032nam0 22002531 450
001 350183
005 20161009105145.62
010    @a978-7-01-012541-1@dCNY26.00
100    @a20131105d2013 em y0chiy50 ea
101 0  @achi
102    @aCN@b110000
105    @aa z 000yy
106    @ar
200 1  @a外商直接投资对中国比较优势的影响@AWai Shang Zhi Jie Tou Zi Dui Zhong Guo Bi Jiao You Shi De Ying Xiang@dInfluence of FDI upon the China'Comparative advantages@f杨明著@zeng
210    @a北京@c人民出版社@d2013
215    @a171页@c图@d23cm
300    @a天津市2010年度哲学社会科学规划一般项目 天津理工大学2012年学术专著资助项目
330    @a本书从理论和经验层面研究发展中东道国如何利用FDI吸收,促进比较优势产品高端化、获得高附加值问题展开研究。
510 1  @aInfluence of FDI upon the China'Comparative advantages@zeng
606 0  @a外商直接投资@AWai Shang Zhi Jie Tou Zi@x研究@y中国
690    @aF832.6@v5
701  0 @a杨明@AYang Ming@c(经济学)@4著
801  0 @aCN@bTANGWEI@c20160803
905    @b0888740-4@dF832.6@e137@f5
    
    外商直接投资对中国比较优势的影响=Influence of FDI upon the China'Comparative advantages/杨明著.-北京:人民出版社,2013
    171页:图;23cm
    天津市2010年度哲学社会科学规划一般项目 天津理工大学2012年学术专著资助项目
    
    ISBN 978-7-01-012541-1:CNY26.00
    本书从理论和经验层面研究发展中东道国如何利用FDI吸收,促进比较优势产品高端化、获得高附加值问题展开研究。
●
相关链接 在E读中查询图书 在五车中查询图书 在当当中查询图书 在豆瓣中查询图书


正题名:外商直接投资对中国比较优势的影响     索取号:F832.6/137         预约/预借

序号 登录号 条形码 馆藏地/架位号 状态 备注
1 0888740   208887409   第一样本阅览室/ [索取号:F832.6/137] 在馆    
2 0888741   208887418   密集书库-海洋学院/ [索取号:F832.6/137] 在馆    
3 0888742   208887427   第一借阅区/ [索取号:F832.6/137] 在馆    
4 0888743   208887436   第一借阅区/ [索取号:F832.6/137] 在馆    
5 0888744   208887445   第一借阅区/ [索取号:F832.6/137] 在馆    
唐山师范学院图书馆 欢迎您!
大连网信软件有限公司© 版权所有